00584nam a2200181Ia 4500003000900000008004100009020001800050040001600068080001700084100002200101245011000123250001200233260003400245300001700279490005400296650002700350650002500377IN-BaIIA211028s9999 xx 000 0 eng d a0-19-851882-X cIIA Library a530.145bZIN aZinn-Justin, Jean 0aQuantum field theory and critical phenomenacJean Zinn-Justin  a3rd ed. aOxfordbClarendon Pressc1996 axxii, 1008p. aInternational series of monographs on physics; 92 aElectromagnetic fields aQuantum field theory